Test interlaboratoris : avaluació dels mètodes d'anàlisi a diverses xarxes municipals de vigilància de la contaminació atmosfèrica / Enric Boada Altarriba avaluació dels mètodes d'anàlisi a diverses xarxes municipals de vigilància de la contaminació atmosfèrica / Enric Boada Altarriba
ISBN:
84-500-9980-3
Descripción Física:
92 f. ; 30 cm
Colección:
Estudis i monografies ; 10
MARC
| LEADER | 00000nam a2200000Ia 4500 | ||
|---|---|---|---|
| 001 | 1950 | ||
| 008 | 160829s1984 xx 000 0 cat d | ||
| 020 | |a 84-500-9980-3 | ||
| 080 | |a C-1-70 | ||
| 100 | |a Boada Altarriba, Enric |9 26814 | ||
| 245 | |a Test interlaboratoris : |b avaluació dels mètodes d'anàlisi a diverses xarxes municipals de vigilància de la contaminació atmosfèrica / Enric Boada Altarriba | ||
| 260 | |a Barcelona : |b Diputació de Barcelona. Servei del Medi Ambient, |c 1984 | ||
| 300 | |a 92 f. ; |c 30 cm | ||
| 490 | |a Estudis i monografies ; 10 | ||
| 650 | 0 | |a Aire |x Contaminació |z Barcelona (Província) |9 26812 | |
| 710 | 1 | |a Barcelona (Catalunya : Província). |b Servei de Medi Ambient |9 53475 | |
| 901 | |a Arxiu | ||
| 942 | |n 1 | ||
| 952 | |0 0 |1 0 |4 0 |6 C170 |7 1 |9 44156 |a Arxiu |b Arxiu |d 2016-12-01 |l 0 |o C-1-70 |p 1950 |r 2016-12-01 00:00:00 |w 2016-12-01 |y ARXIU | ||
| 999 | |c 46736 |d 46736 | ||